| 000 | 00406nam a22001577a 4500 | ||
|---|---|---|---|
| 005 | 20180719123548.0 | ||
| 008 | 160622b xxu||||| |||| 00| 0 eng d | ||
| 041 | _aeng | ||
| 082 |
_b8927 _a658.152 |
||
| 100 |
_aBhattacharya, Dr. Anjan and Jana, Madan Mohan _92460 |
||
| 245 | _aFinancial Statement Analysis | ||
| 260 | _bB B Kanda Gandsons | ||
| 300 | _a749p, | ||
| 650 |
_aManagement _9241 |
||
| 942 | _cBK | ||
| 999 |
_c3494 _d3493 |
||